00512nam a2200217Ia 4500003000900000008004100009040001300050040001300063041000800076100001900084100001000103245009100113250000900204260001800213260000900231300001100240300001000251490000600261700001700267700001000284IT-RoPAU120407s9999 xx 000 0 und d aIT-RoPAU cIT-RoPAU aita aRenato Giorda  ccoll. a"Il training autogeno. Teoria e pratica. (Spirito e corporeità: la via meditativa)." aRoma aCittà Nuova c1978 a197 p. c20 cm v1 aTullio Bazzi ccoll.